Trade union and child labour: A guide to action (Record no. 1398154)
[ view plain ]
| 000 -LEADER | |
|---|---|
| fixed length control field | 00738nam a2200229Ia 4500 |
| 005 - DATE AND TIME OF LATEST TRANSACTION | |
| control field | 20250508165918.0 |
| 008 - FIXED-LENGTH DATA ELEMENTS--GENERAL INFORMATION | |
| fixed length control field | 008 250505s9999 xx 000 0 eng d |
| 020 ## - INTERNATIONAL STANDARD BOOK NUMBER | |
| International Standard Book Number | 0-691-04328-0 |
| 037 ## - SOURCE OF ACQUISITION | |
| Stock number | Textual |
| 040 ## - CATALOGING SOURCE | |
| Original cataloging agency | FEDL |
| Language of cataloging | eng |
| Transcribing agency | FEDL |
| 041 ## - LANGUAGE CODE | |
| Language code of text/sound track or separate title | eng |
| Source of code | eng |
| 084 ## - COLON CLASSIFICATION NUMBER | |
| Classification number | 331.31, FYF |
| Assigning agency | FEDL |
| 100 ## - MAIN ENTRY--PERSONAL NAME | |
| Personal name | Fyfe A |
| 9 (RLIN) | 782389 |
| 245 #0 - TITLE STATEMENT | |
| Title | Trade union and child labour: A guide to action |
| 260 ## - PUBLICATION, DISTRIBUTION, ETC. | |
| Place of publication, distribution, etc. | Geneva, Switzerland |
| Name of publisher, distributor, etc. | International Labour Organisation |
| Date of publication, distribution, etc. | 1997 |
| 300 ## - PHYSICAL DESCRIPTION | |
| Extent | xii, 108p. |
| 490 ## - SERIES STATEMENT | |
| Series statement | International Labour Organization |
| 546 ## - LANGUAGE NOTE | |
| Language note | Gifted by H.O.D. Namita Ranganathan in memory of Prof. Arvind Gaysu |
| 700 ## - ADDED ENTRY--PERSONAL NAME | |
| Personal name | Jankanish M |
| 9 (RLIN) | 782390 |
| 942 ## - ADDED ENTRY ELEMENTS (KOHA) | |
| Koha item type | Textual |
| Classification part | 331.31, FYF |
| Withdrawn status | Lost status | Damaged status | Not for loan | Home library | Current library | Date acquired | Total Checkouts | Full call number | Barcode | Date last seen | Price effective from | Koha item type |
|---|---|---|---|---|---|---|---|---|---|---|---|---|
| Department of Education Library | Department of Education Library | 2025-05-08 | 331.31, FYF | EL0091814 | 2025-05-08 | 2025-05-08 | Textual |
